01369nam a22003497a 4500003000500000005001700005008004100022010000900063011000900072035000900081040000900090090001000099100004000109245015000149260004000299300002200339502010800361590003700469590004100506590004100547590004100588590004100629590004200670650002600712650002600738710006000764901000700824942001000831949003500841999001500876952012800891CHAP20220329133313.0971013s1975 r 00010 d a4617 a5589 a4803 cCHAP aTesis00aBringas Grijalva, Guadalupe.915369 aFluctuaciones estacionales y diarias de las poblaciones de fauna insectil en soyab: en el Valle del Yaqui, Sonora durante 1973. Chapingo, Méx. aChapingo, Méx. :bEl autor,c1975 a49 h.b: gráfs. aTesis (Ing. Agr. Esp. en Parasitología Agrícola) -- ENA. Departamento de Parasitología Agrícola aALEPHb10c20130110lUCH01h1215 aBATCH-UPDb10c20130110lUCH01h0217 aBATCH-UPDb10c20130110lUCH01h1856 aBATCH-UPDb10c20130410lUCH01h1225 aBATCH-UPDb10c20130914lUCH01h0749 aCONVERSIONb10c20130109lUCH01h130414aSoyaxPlagas.910907714aSoyaxSonora.91090900 aENA. Departamento de Parasitología Agrícola.936701 aBK cTESIS bBCcTESd-141279eTS1i4803si c4617d4617 00102local4051718TESISaBCbBCcPA_TESISd2012-12-17fTESISl0oTesisp-141279r2019-12-31 00:00:00w2019-12-31yTESIS